People with Reduplicated (Repeated) Names - Statistics

General Stats
  • This quiz has been taken 389 times
    231 since last reset
  • The average score is 9 of 20
Answer Stats
Hint Person % Correct
Hungarian-American actress with 9 husbands Zsa Zsa Gabor
66%
French fashion designer and businesswoman Coco Chanel
64%
Yogi Bear's sidekick Boo-Boo Bear
62%
Assassinated Robert Kennedy Sirhan Sirhan
58%
Barney and Betty's adopted son Bamm-Bamm
57%
Chinese-American cellist Yo-Yo Ma
56%
Cartoon bird with an insane laugh Woody Woodpecker
51%
Created by Belgian cartoonist Herge Tintin
48%
Bumbling Gungan from the planet Naboo Jar Jar Binks
47%
He had a funky bunch Marky Mark
47%
Protagonist of Les Miserables Jean Valjean
45%
"Gin & Juice" Snoop Doggy Dogg
42%
UN Secretary General 1992–1996 Boutros Boutros-Ghali
37%
New Jersey governor 2010–2018 Chris Christie
37%
Lando Calrissian William Williams
35%
She sang "To Sir with Love" Lulu
34%
Protagonist of Lolita Humbert Humbert
31%
Public Enemy member who's led a surreal life Flavor Flav
19%
Actor and singer of "Me and Bobby McGee" Kris Kristofferson
18%
Military man from the novel Catch-22 Major Major Major Major
18%
No matching quizzes found
Score Distribution
Percent of People with Each Score
Percentile by Number Answered
Your Score History
You have not taken this quiz since the last reset